Voyage de capitales en capitales les plus proches. - Statistiques

Statistiques générales
  • Ce quiz a été pris 178 fois
    128 depuis la dernière actualisation
  • Le résultat moyen est 24 sur 196
Statistiques - réponses
Réponse % Correct
Santiago
100%
Buenos Aires
92%
Montevideo
81%
La Paz
77%
Asuncion
73%
Bogota
71%
Lima
71%
Quito
71%
Panama
68%
San Jose
62%
Guatemala
60%
Tegucigalpa
60%
Managua
57%
San Salvador
56%
Belmopan
55%
La Havane
53%
Nassau
51%
Port-au-Prince
45%
Saint-Domingue
44%
Kingston
43%
Basseterre
39%
Saint John's
38%
Castries
36%
Georgetown
36%
Paramaribo
36%
Kingstown
35%
Roseau
35%
Bridgetown
34%
Port d'Espagne
34%
Caracas
32%
Saint Georges
32%
Brasilia
31%
Dakar
18%
Accra
17%
Banjul
17%
Bissau
17%
Conakry
17%
Freetown
17%
Lome
17%
Praia
17%
Yamoussoukro
17%
Abuja
16%
Monrovia
16%
Porto-novo
16%
Brazzaville
14%
Kinshasa
14%
Libreville
14%
Luanda
14%
Pretoria
13%
Sao Tome
13%
Yaounde
13%
Gaborone
12%
Malabo
12%
Windhoek
12%
Maputo
10%
Mbabane
10%
Dodoma
9%
Harare
9%
Kigali
9%
Lusaka
9%
Nairobi
9%
Addis-Abeba
8%
Athenes
8%
Djibouti
8%
Gitega
8%
Kampala
8%
Lilongwe
8%
Maseru
8%
Amman
6%
Ankara
6%
Asmara
6%
Beyrouth
6%
Damas
6%
Djouba
6%
Jerusalem
6%
Khartoum
6%
Le Caire
6%
Nicosie
6%
Sanaa
6%
Alger
5%
Amsterdam
5%
Andorre-la-vieille
5%
Bruxelles
5%
Lisbonne
5%
Londres
5%
Luxembourg
5%
Madrid
5%
Mexico
5%
Paris
5%
Pristina
5%
Rabat
5%
Skopje
5%
Tel Aviv
5%
Tunis
5%
Berlin
4%
Berne
4%
Bucarest
4%
Budapest
4%
Chisinau
4%
Copenhague
4%
Helsinki
4%
Kiev
4%
La Valette
4%
Ljubljana
4%
Minsk
4%
Monaco
4%
Oslo
4%
Ottawa
4%
Podgorica
4%
Prague
4%
Riga
4%
Rome
4%
Saint Marin
4%
Stockholm
4%
Tallinn
4%
Tripoli
4%
Vaduz
4%
Vatican
4%
Vienne
4%
Vilnius
4%
Washington
4%
Zagreb
4%
Belgrade
3%
Bratislava
3%
Sarajevo
3%
Sofia
3%
Tirana
3%
Dublin
1%
Reykjavik
1%
Abou-Dabi
0%
Achgabat
0%
Antana
0%
Apia
0%
Astana
0%
Bagdad
0%
Bakou
0%
Bamako
0%
Bandar Seri Begawan
0%
Bangkok
0%
Bichkek
0%
Canberra
0%
Colombo
0%
Dacca
0%
Dili
0%
Doha
0%
Duchambe
0%
Erevan
0%
Funafuti
0%
Hanoi
0%
Honiara
0%
Islamabad
0%
Jakarta
0%
Kaboul
0%
Katmandou
0%
Koweit
0%
Kuala Lumpur
0%
Majuro
0%
Male
0%
Manama
0%
Manille
0%
Mascate
0%
Melekeok
0%
Mogadiscio
0%
Moroni
0%
Moscou
0%
Naypyidaw
0%
NDjamena
0%
New Dehli
0%
Niamey
0%
Nouakchott
0%
Nuku'Alofa
0%
Ouagadougou
0%
Oulan-Bator
0%
Palikir
0%
Pekin
0%
Phnom-Penh
0%
Port-Louis
0%
Port Moresby
0%
Port-vila
0%
Pyongyang
0%
Riyad
0%
Seoul
0%
Singapour
0%
Suva
0%
Tachkent
0%
Taipei
0%
Tarawa
0%
Tbilissi
0%
Tehéran
0%
Thimphou
0%
Tokyo
0%
Varsovie
0%
Victoria
0%
Vientiane
0%
Wellington
0%
Yaren
0%
Aucun quiz correspondant
Distribution des résultats
% des personnes avec chaque résultat
Percentile par nombre de réponses
Votre historique - résultats
Vous n’avez pas pris ce quiz depuis la dernière actualisation